000 00589nam a22001817a 4500
005 20150602075925.0
008 150602b xxu||||| |||| 00| 0 eng d
020 _a9780071497077
041 0 _aeng
080 _a623.92
100 _aNielsen, Peter
245 _aBoatworks :
_ccompiled by the editors of Sail Magazine.
260 _aCamden, Me. :
_bInternational Marine ;
_cc2008.
300 _aix, 246 f. :
_bme il.;
_c29 cm.
650 0 _2Si punon nje anije
700 _aPeter Nelsen
942 _2udc
_cBK
999 _c978
_d978